Представление документа в формате MARC21

ПолеНазваниеЗначение
  Тип записи a
  Библиографический уровень m
001 Контрольный номер RU/URAIT/515079
003 Принадлежность контрольного номера https://urait.ru/bcode/515079
005 Дата корректировки 20230913130127.1
008 Кодируемые данные
020 Индекс ISBN __
a ISBN 978-5-534-05180-3
c Цена, тираж 929.00
040 Источник каталогиз. __
a Служба первич. каталог. ИКО Юрайт
b Код языка каталог. rus
c Служба, преобразующая запись ИКО Юрайт
041 Код языка издания 0_
a Код языка текста rus
044 Код страны публикации __
a Код страны публикации RU
073 _1
a 9785534051803
d 929.00
080 Индекс УДК __
a Индекс УДК 541.18(075.8)
084 Индекс другой классификации/Индекс ББК __
a Индекс другой классификации/Индекс ББК 24.6я73
2 Источник индекса rubbk
091 Индексы/ коды __
a Индекс ББК (DOS) 24.6я73
z rubbk
100 Автор 1_
a Автор Яковлева А. А.
q Полное имя Ариадна Алексеевна
230 __
a Электрон. дан.
245 Заглавие 00
a Заглавие Коллоидная химия
b Продолж. заглавия учебное пособие
c Ответственность А. А. Яковлева.
250 Сведения об издании __
a Основные сведения об издании 2-е изд.
b Дополнительные сведения об издании испр. и доп
260 Выходные данные 1_
a Место издания Москва
b Издательство Юрайт
c Дата издания 2023
300 Физическое описание __
a Объем 209 с
440 Серия _0
a Серия Высшее образование
500 Примечания __
a Примечание URL: https://urait.ru/bcode/515079 (дата обращения: 13.09.2023).
520 Аннотация __
a Аннотация В учебном пособии рассмотрены основные вопросы термодинамики поверхностных явлений, адсорбции, устойчивости и коагуляции золей, грубодисперсных систем, структурообразования в коллоидных системах. В нем приведены рекомендации по выполнению лабораторных работ, а также задачи, предназначенные для самостоятельной работы студентов. Для студентов высших учебных заведений, изучающих коллоидную химию.
538 Прим. о системных особенностях __
a Прим. о системных особенностях Режим доступа: Электронно-библиотечная система Юрайт, для авториз. пользователей
653 Ключевые слова 2_
a Ключевые слова Химия. Химические и биотехнологии
653 Ключевые слова 2_
a Ключевые слова Естественные науки
653 Ключевые слова 2_
a Ключевые слова Коллоидная химия
653 Ключевые слова 2_
a Ключевые слова Физическая и коллоидная химия
653 Ключевые слова 2_
a Ключевые слова Химия физическая и коллоидная
653 Ключевые слова 2_
a Ключевые слова Прикладная физическая и коллоидная химия
653 Ключевые слова 2_
a Ключевые слова Основы коллоидной химии
653 Ключевые слова 2_
a Ключевые слова Коллоидная и физическая химия
856 Электронный адрес документа 40
n Местонахождение сервера Юрайт
g Электронная книга
q Тип электронного формата html
h Имя пользователя ЮРАЙТ
v Часы доступа к ресурсу 20251231
2 Способ доступа Показать документ
x Служебное примечание https://urait.ru/book/cover/813E25D8-71F9-497E-A0B3-8B20C1A701A3
u URL https://urait.ru/bcode/515079
856 Электронный адрес документа 41
q Тип электронного формата cover
u URL https://urait.ru/book/cover/813E25D8-71F9-497E-A0B3-8B20C1A701A3